[Event "Paris GCT 2017 Blitz"]
[Site "Paris"]
[Date "2017.06.24"]
[Round "5"]
[White "Karjakin, Sergey"]
[Black "Mamedyarov, Shakhriyar"]
[Result "1/2-1/2"]
[WhiteElo "2781"]
[BlackElo "2800"]
[Annotator "TA"]
[PlyCount "163"]
[EventDate "2017.??.??"]
[EventType "tourn"]
[EventCountry "FRA"]
[SourceTitle "playchess.com"]
[Source "ChessBase"]
[SourceQuality "1"]

{[%evp 9,163,15,25,15,26,26,30,18,29,26,24,29,24,25,25,29,28,27,33,31,36,27,48,17,31,31,29,22,45,29,43,0,22,0,25,8,89,50,72,43,41,37,37,41,25,11,8,0,0,-25,0,0,0,0,0,0,0,0,0,0,0,0,0,0,0,0,0,0,0,-23,0,0,0,0,0,0,0,0,0,0,0,0,0,0,0,-8,0,-5,0,0,-12,-83,0,0,0,0,0,0,0,0,0,0,7,0,0,0,8,0,0,0,24,20,25,0,0,0,0,0,0,0,0,0,0,-5,0,0,0,0,0,0,0,0,0,0,0,0,0,0,0,0,0,0,0,0,0,0,0,0,0,0,0,0,0,0,0,-26]} 1. e4 e5 2. Nf3 Nc6 3. Bc4 Bc5 4. O-O Nf6 5. d3 a6 6. a4 {C50: Hungarian Defence and Giuoco Pianissimo} d6 7. c3 Ba7 8. Re1 {White has an edge.} h6 9. Nbd2 O-O 10. Nf1 Re8 11. Be3 Be6 12. Bxe6 Rxe6 13. Bxa7 Rxa7 {[#]} 14. b4 $146 ({Predecessor:} 14. Ng3 d5 15. d4 dxe4 16. dxe5 Qxd1 17. Raxd1 exf3 18. exf6 Rxf6 {½-½ (51) Kramnik,V (2801)-Svidler,P (2762) Sochi 2016}) 14... Ra8 15. Qb3 Ne7 16. Ne3 (16. d4 $5 {[%cal Rd4d5]} Ng6 17. Ng3 $11) 16... Ng6 17. g3 Qd7 18. c4 Nh5 19. Qd1 Nf6 20. b5 Nh7 21. Rb1 b6 22. Nd5 a5 (22... axb5 $11 {remains equal.} 23. axb5 Nf6) 23. Nd2 {[%cal Bf3d2,Bd2f1,Bf1e3,Be3g4][%mdl 32]} Ne7 24. Nf1 f5 25. Nfe3 fxe4 26. dxe4 Rf8 27. h4 Nf6 28. Nxf6+ (28. Rc1 {seems wilder.} Qc8 29. Rc3 Nd7 30. g4 Nc5 31. Nf5) 28... Rexf6 29. Qg4 (29. Ng4 {keeps more tension.} Re6 30. Rb3 Ng6 31. Ne3 Rf7 32. Rd3) 29... Qxg4 (29... Qe8 {with more complications.} 30. Re2 h5 31. Qh3 Rf3 32. Qe6+ Kh7) 30. Nxg4 Rf3 31. Re3 R3f7 {Hoping for ...h5.} 32. Re2 Kh7 33. Ne3 Ng6 34. Kg2 Re8 35. Nd5 Nf8 36. Re3 Ne6 37. Rf3 Ref8 38. Rxf7 Rxf7 $11 {[%mdl 4096] Endgame KRN-KRN} 39. Re1 Kg8 40. Re3 Nc5 41. Nc3 $1 Nb3 42. Rd3 Kf8 43. f3 Ke8 44. Rd1 Kd7 45. Nd5 g5 46. hxg5 hxg5 47. Rd3 Nc5 48. Ra3 $1 {[#]} g4 $1 {[%mdl 512]} 49. fxg4 Nxe4 {And now ...Rf2+ would win.} 50. Re3 (50. Rf3 $11 Rg7 51. Rf1) 50... Ng5 (50... Nd2 $17) 51. Re1 Ne6 52. Rh1 Nc5 (52... c6 $5 {[%cal Rc6d5]} 53. Nc3 Rg7 $11) 53. g5 {[#] g6 is the strong threat.} Rg7 ({Wrong is} 53... Nxa4 $2 54. g6 $18) 54. g6 {Threatens to win with Rh7.} Rxg6 {White must now prevent ...Rg7.} 55. Rh7+ Kd8 56. Rh8+ Kd7 {aiming for ...Rg7.} 57. Rh7+ Kd8 58. Rh8+ Kd7 59. Rh7+ Ke8 60. Rxc7 Nxa4 61. Rc6 Kd7 {The position is equal.} 62. Nxb6+ Nxb6 63. Rxb6 {KR-KR} Rg4 64. Rc6 a4 65. Kf3 Rd4 66. c5 a3 (66... Rd5 $5 {[%cal Rd5c5]}) 67. Ra6 dxc5 68. Rxa3 Rb4 69. Ra7+ Ke6 70. Rb7 Rb3+ 71. Ke4 Rb4+ 72. Kd3 Kd5 73. Rd7+ Ke6 74. Rb7 Kd6 75. b6 Rb3+ 76. Kc4 Rxg3 77. Rb8 Rg4+ 78. Kc3 Rb4 79. b7 e4 80. Re8 Rxb7 {Strongly threatening ...Re7.} 81. Rxe4 Ra7 82. Rh4 {Precision: White = 57%, Black = 56%.} 1/2-1/2

[Event "Paris GCT 2017 Blitz"]
[Site "Paris"]
[Date "2017.06.24"]
[Round "6"]
[White "Carlsen, Magnus"]
[Black "Karjakin, Sergey"]
[Result "1/2-1/2"]
[WhiteElo "2832"]
[BlackElo "2781"]
[Annotator "TA"]
[PlyCount "126"]
[EventDate "2017.??.??"]
[EventType "tourn"]
[EventCountry "FRA"]
[SourceTitle "playchess.com"]
[Source "ChessBase"]
[SourceQuality "1"]

{[%evp 9,126,-2,19,19,25,-9,26,-9,26,-9,10,3,12,5,20,12,11,11,8,8,9,5,19,-4,-14,-4,-10,-5,0,-7,21,14,19,0,0,0,6,0,21,19,43,41,43,43,68,43,58,43,43,47,110,43,110,110,110,110,110,110,110,110,110,94,110,92,85,0,103,0,104,101,118,128,127,118,128,128,128,128,223,214,200,35,35,39,41,9,16,0,0,0,0,-79,-125,-91,0,0,0,-234,0,0,0,0,0,0,0,0,29942,11826,1647,0,0,0,0,0,0,0,0,0,0]} 1. d4 Nf6 2. Bf4 d5 3. e3 c5 4. Nc3 (4. c3 e6 5. Nf3 Nc6 6. Nbd2 cxd4 7. exd4 Nh5 8. Bg5 f6 9. Be3 Bd6 10. Bb5 O-O 11. O-O a6 12. Ba4 Bd7 13. Ne1 Nf4 14. g3 Nh3+ {1-0 (52) Karjakin,S (2781)-Nakamura,H (2785) Stavanger 2017}) 4... e6 5. Nf3 Be7 6. Nb5 {D00: 1 d4 d5: Unusual lines} Na6 7. c3 O-O 8. a4 {White has an edge.} Bd7 9. Ne5 Be8 10. Bd3 Nb8 $146 ({Predecessor:} 10... c4 11. Bc2 Bxb5 12. axb5 {1-0 (27) Colin,V (2381)-Rozentalis,E (2535) Chartres 2017}) 11. dxc5 Bxc5 12. O-O Nc6 13. Qf3 a6 14. Nxc6 Bxc6 15. Nd4 Bd6 16. Bxd6 (16. Qg3 $5 Bb8 17. Rfc1 $11) 16... Qxd6 17. Qg3 Qxg3 18. hxg3 Rfc8 19. a5 Ne8 20. e4 Nd6 21. e5 Nc4 22. Bxc4 dxc4 23. g4 Be4 24. Rfe1 Bd3 25. Ra4 Rc7 26. f4 Rd8 27. Kf2 Rd5 28. Ke3 g5 29. g3 h6 (29... Bg6 $14) 30. b4 (30. Rh1 $16) 30... Rc8 ({Black should play} 30... f6 $1 $14) 31. Rh1 $16 Kg7 32. Ra2 Rh8 33. Rd2 Rh7 34. Nf3 Rh8 35. Rhh2 (35. fxg5 $6 hxg5 36. Rdh2 Rhd8 $11) 35... Rhd8 36. Nd4 ({Don't play} 36. fxg5 $6 hxg5 37. Rhg2 Rh8 $11) 36... Rh8 37. Rh1 Rh7 $1 38. Nf3 Rh8 39. Rhd1 ({Much weaker is} 39. fxg5 $6 hxg5 40. Rxh8 Kxh8 $11) 39... Rhd8 40. Ne1 {[%cal Re1d3]} Be4 41. Rxd5 Bxd5 {[%mdl 4096] Endgame KRB-KRN} 42. Nf3 Rh8 43. f5 ({Resist} 43. fxg5 hxg5 44. Nxg5 Rh2 $14) 43... h5 (43... Re8 $16) 44. Nxg5 $18 hxg4 {[#]} 45. Kf4 $2 (45. Rd4 $1 $18) 45... Rh2 $14 46. fxe6 fxe6 47. Ne4 Kg6 48. Rd2 Rh1 49. Nf6 Rf1+ 50. Ke3 (50. Kxg4 $11 Bc6 51. Rd4) 50... Rf3+ $17 51. Kd4 Rxg3 52. Nxd5 exd5 {KR-KR} 53. Kc5 $2 (53. Rc2 $11) 53... Rxc3 $2 (53... Kf5 $19 {...Ke6 is the strong threat.} 54. Kd6 Re3 55. Rf2+ Ke4) 54. Re2 $1 $11 {Strongly threatening e6.} Rf3 55. e6 {[%cal Be5e6,Be6e7][%mdl 32]} Rf8 56. e7 Re8 {Hoping for ...Kf6.} 57. Kxd5 c3 $2 {[%mdl 8192] [#]} (57... Kf7 $11) 58. Kd6 g3 59. Re3 $2 (59. Ke6 $18 Kg5 60. Kf7) 59... g2 $1 {[%cal Rg2g1] The position is equal.} 60. Rg3+ Kf7 {Threatens to win with ...c2.} 61. Rf3+ Kg6 (61... Kg8 $5 62. Rg3+ $8 Kf7 63. Rf3+ Kg7 64. Rg3+ Kf7 $11) 62. Rg3+ Kf7 63. Rf3+ Kg6 {Precision: White = 47%, Black = 49%.} (63... Kg8 $5 64. Rg3+ $8 Kf7 $11) 1/2-1/2

[Event "Paris GCT 2017 Blitz"]
[Site "Paris"]
[Date "2017.06.24"]
[Round "6"]
[White "Mamedyarov, Shakhriyar"]
[Black "Vachier-Lagrave, Maxime"]
[Result "0-1"]
[WhiteElo "2800"]
[BlackElo "2796"]
[Annotator "TA"]
[PlyCount "122"]
[EventDate "2017.??.??"]
[EventType "tourn"]
[EventCountry "FRA"]
[SourceTitle "playchess.com"]
[Source "ChessBase"]
[SourceQuality "1"]

{[%evp 15,122,19,11,8,15,0,0,0,3,-7,-5,-16,0,-35,0,0,63,64,58,29,187,187,186,195,173,54,40,2,76,63,70,12,21,31,277,287,506,204,210,-115,-115,-175,-134,-714,-704,-685,-661,-602,-85,-197,-189,-212,-130,-168,-133,-183,-161,-160,-112,-212,-210,-225,-210,-227,-221,-235,-227,-554,-542,-538,-538,-537,-517,-445,-379,-730,-685,-1268,-1257,-1276,-1218,-1061,-904,-1164,-1112,-1402,-1020,-1934,-664,-833,-581,-1929,-1617,-12841,-12841,-12843,-12843,-12844,-12845,-12845,-12845,-12846,-12847,-12847,-12847,-12850,-29981,-12851,-29985]} 1. d4 Nf6 2. c4 g6 3. g3 c6 4. Bg2 d5 5. Qa4 (5. cxd5 cxd5 6. Nf3 Bg7 7. Nc3 Ne4 8. Qa4+ Nc6 9. Ne5 Nxc3 10. bxc3 O-O 11. Nxc6 bxc6 12. O-O Qb6 13. Ba3 Qa6 14. Qxa6 Bxa6 15. Rfb1 Rfb8 16. Bxe7 {½-½ (16) Mamedyarov,S (2772)-Vachier Lagrave,M (2795) Moscow 2017}) 5... Nfd7 6. cxd5 {D71: Fianchetto Grünfeld: 3 g3 d5 sidelines and 5 cxd5 (without Nf3)} Nb6 7. Qd1 cxd5 8. Nc3 Nc6 {LiveBook: 4 Games} 9. a4 $146 ({Predecessor:} 9. e3 Bf5 10. Nge2 Nb4 11. O-O Bc2 12. Qe1 Bf5 13. Qd1 Bc2 14. Qe1 Bf5 15. Qd1 {½-½ (15) Vidit,S (2669)-Van Wely,L (2674) Baku 2016}) 9... Bg7 10. a5 Nc4 11. Bxd5 N4xa5 12. Nf3 O-O 13. O-O Bg4 14. Be3 Rc8 15. Qa4 Bd7 (15... a6 $11) 16. Rfd1 $14 e6 17. Be4 (17. Bxc6 $5 Nxc6 18. d5 $16) 17... a6 $2 (17... b6 $1 $11) 18. d5 $18 b5 19. Qa2 exd5 20. Nxd5 ({Don't do} 20. Qxd5 $6 Bg4 $14) ({White should try} 20. Bxd5 $18 Nc4 21. Bxc4 (21. Qxa6 Nb4 $17) 21... bxc4 22. Qxa6 (22. Qxc4 a5 $16)) 20... Nc4 $14 21. Qxa6 (21. Bc5 {keeps more tension.} Re8 22. Qb1 Re6 23. b3 Nd6 24. Bd3) 21... Nxe3 (21... Qe8 $11 {remains equal.} 22. Nb6 Nxb6 23. Qxb6 Bxb2) 22. Nxe3 $16 Qe7 23. Qb7 (23. Bd5 $14) 23... Qxe4 $11 24. Rxd7 Bxb2 $2 (24... Rb8 $14 25. Qc7 Bxb2) 25. Ra6 $1 $18 Qe6 $2 (25... Qb1+ 26. Kg2 Nb4) 26. Nd5 (26. Ng5 $142 Qe8 27. Rxc6) 26... Qxe2 {[#] Threatens to win with ...Na5.} 27. Rxc6 $2 {[#]} (27. Kg2 $1 $18 Nb8 28. Ne7+ Kg7 29. Nxc8 Nxd7 30. Qxd7) 27... Rb8 $1 $17 {[%cal Rb8b7]} 28. Qc7 (28. Kg2 $17 {keeps fighting.} Rxb7 29. Rxb7) 28... Qxf3 $19 29. h4 $2 {[%mdl 8192]} (29. Ne7+ $17 Kh8 30. Rd2) 29... Ra8 {...Ra1+ is the strong threat.} 30. Rc1 Bxc1 31. Qxc1 Qa3 $2 (31... Ra2 $19 {is more deadly.} 32. Qf1 Rfa8) 32. Qh6 (32. Qf4 $17 {only move.} Qa1+ 33. Kh2) 32... Qa1+ 33. Kg2 {aiming for Ne7+.} Qg7 34. Qf4 Ra6 35. Rb7 Re6 36. Rxb5 Kh8 37. Rb7 (37. h5 $17 {might work better.}) 37... Qe5 38. Qf3 Qe4 39. Qxe4 Rxe4 {[%mdl 4096] Endgame KRR-KRN} 40. Nf6 Re6 41. Nd7 $2 (41. Nd5 {is more resistant.}) 41... Re7 42. Nc5 Rxb7 43. Nxb7 {KR-KN} Kg7 44. Nd6 Rd8 45. Ne4 $2 (45. Nc4) 45... h6 46. Kf3 f5 47. Nc5 Rd5 48. Ne6+ Kf6 49. Nf4 Ra5 50. Ke3 Ra4 51. Kf3 Ra6 (51... g5 $142 52. hxg5+ hxg5) 52. Nd5+ Ke5 53. Nf4 g5 54. hxg5 hxg5 55. Nd3+ Kd4 56. Ne1 Ra3+ 57. Kg2 Ke4 58. Nc2 Rc3 59. Ne1 f4 60. gxf4 gxf4 {[%cal Bg5f4,Bf4f3][%mdl 32]} 61. Kh2 f3 {Precision: White = 16%, Black = 58%.} 0-1

[Event "Paris GCT 2017 Blitz"]
[Site "Paris"]
[Date "2017.06.24"]
[Round "6"]
[White "Grischuk, Alexander"]
[Black "Caruana, Fabiano"]
[Result "1/2-1/2"]
[WhiteElo "2761"]
[BlackElo "2808"]
[Annotator "TA"]
[PlyCount "156"]
[EventDate "2017.??.??"]
[EventType "tourn"]
[EventCountry "FRA"]
[SourceTitle "playchess.com"]
[Source "ChessBase"]
[SourceQuality "1"]

{[%evp 14,156,-28,-22,-13,-39,-27,-49,-48,-54,-54,-61,-63,-76,-78,-74,-89,-101,-112,-168,-162,-158,-161,-179,-150,-137,-133,-144,-152,-181,-152,-225,-204,-207,-207,-272,-246,-341,-285,-283,-281,-331,-331,-379,-369,-377,-350,-357,-286,-329,-285,-540,-290,-275,-264,-306,-212,-469,-464,-431,-295,-290,-146,-145,-147,-148,41,41,41,41,41,41,125,48,126,86,86,86,87,87,154,144,145,137,143,93,158,158,158,108,148,127,200,196,2891,170,197,185,672,517,5514,166,320,189,185,167,173,164,233,233,29994,239,233,187,199,191,248,233,239,243,366,144,233,233,235,235,241,242,1092,1036,1046,954,822,725,702,0,685,0,394,39,389,0,291,0,270]} 1. e4 e5 2. Nf3 Nc6 3. Be2 Nf6 4. d3 d5 5. Nbd2 Bc5 6. O-O O-O 7. c3 a5 8. a4 Re8 {C44: Ponziani Opening and Scotch Gambit} 9. Qc2 (9. h3 h6 10. Re1 b6 11. exd5 Nxd5 12. Bf1 Bf5 13. Ne4 Bf8 14. Qb3 Be6 15. Ng3 Ne3 16. c4 Nxf1 17. Nxf1 {0-1 (31) Navara,D (2725)-Leko,P (2693) Tallinn 2016}) 9... h6 10. h3 Be6 {Black is slightly better.} 11. Re1 d4 12. Nf1 Nd7 13. Ng3 Bf8 14. cxd4 $146 ({Predecessor:} 14. Rb1 Nc5 15. b3 dxc3 16. Qxc3 Nd4 17. Nxd4 {1-0 (17) Zolendowski,C (1826)-Blankenberg,B (1957) LSS email 2008}) 14... exd4 15. Nd2 Nc5 16. b3 (16. Qd1 $17) 16... Nb4 $19 17. Qb1 Bd6 18. Ngf1 f5 19. Ba3 fxe4 20. dxe4 d3 $36 {[%mdl 2048] Black is really pushing.} 21. Bd1 Rf8 22. Re3 (22. Bxb4 $17 axb4 23. e5) 22... Bf4 23. Rf3 Qg5 24. Bc1 Rad8 25. Ne3 Nc6 26. Bb2 Ne5 27. Bxe5 Qxe5 28. Ra2 Nxe4 29. Nxe4 Qxe4 30. Rd2 g5 31. Qc1 Rf7 32. g3 $2 (32. Be2) 32... Bd6 33. Rxf7 Bxf7 34. Bg4 {[#] intending Bf5.} Bxg3 $1 {[%mdl 512]} 35. Nf5 $2 (35. Bf5 Qf4 36. Qe1) (35. fxg3 Qxe3+) 35... Bf4 (35... Bd5 $2 36. f3 $17) 36. Nxh6+ Kf8 {aiming for ...Bd5.} 37. Qc5+ Rd6 (37... Bd6 $19 38. Qxg5 Be7) 38. Nxf7 $17 Kxf7 39. Qxc7+ Qe7 $2 (39... Kg6 $17 40. Qb8 Qd5 41. Qe8+ Kg7) 40. Qc4+ $14 Kf8 41. Rxd3 Rxd3 42. Qxd3 {Black must now prevent Qf5+.} Qc7 (42... Qf6 $14) 43. Kg2 (43. Qf5+ $16 Kg8 44. Kg2) 43... Ke7 (43... b6 $14) 44. Bf3 b6 45. Qg6 Qc5 46. Qg7+ Kd6 (46... Ke8 $142 47. Bh5+ Kd8 48. Qg8+ Ke7 49. Qf7+ Kd6 50. Qf6+ Kc7 51. Qf7+ Kd6 52. Qf6+ Kc7 53. Qg7+ Kd6) 47. h4 {[%cal Bh3h4,Bh4h5,Bh5h6,Bh6h7][%mdl 32] Threatens to win with Qf6+.} Qe5 48. Qf8+ Qe7 49. Qb8+ Kc5 (49... Qc7 $142 50. Qf8+ Qe7) 50. Qc8+ $16 Kb4 51. Qc4+ Ka3 52. h5 Bd6 (52... Qb4 $16) 53. h6 $18 Bc5 $2 (53... g4 54. Bxg4 Be5) 54. Qd3 $2 (54. Qc1+ Kb4 55. Qc4+ Ka3 56. Qc3) 54... Qe1 55. Qc2 Qe6 $2 (55... Qe5 56. h7 Bd4 57. Qc1+ Bb2) 56. h7 Qh6 {[#]} (56... Bd4 $142 57. Qc1+ Bb2 58. Qxb2+ Kxb2 59. h8=Q+ Kb1 60. Qh7+ Ka2 61. Qc2+ Ka3 62. Qc1+ Kb4) 57. Qf5 $2 (57. b4 $1 {[%mdl 512] Intending Bd5 and mate.} Bd6 (57... Kxb4 58. Bd5) 58. Qc3+ Ka2 59. h8=Q Qxh8 60. Qxh8) 57... Bd6 $2 {[#]} (57... Qh4 {might work better.} 58. Bd5 Bb4) 58. Bg4 (58. b4 $142 $1 {[%mdl 512]} Qh2+ (58... Kxb4 59. Qb1+) 59. Kf1) 58... Qh2+ 59. Kf3 Bc5 60. Ke4 Qh4 (60... Bb4 {was worth a try.} 61. Ke3 Bc3) 61. Kd5 {And now b4! would win.} Qh5 $2 (61... Qh2 $18 62. Qg6 Qb8) 62. Bf3 $2 (62. Bxh5 {mates} Bf8 63. Qxf8+ Ka2 64. Qf6 Ka3 65. h8=Q Kb4 66. Qxb6+ Ka3 67. Qa1#) 62... Qh6 63. Be4 Qd6+ 64. Kc4 Qd4+ 65. Kb5 Qb4+ 66. Ka6 Qc3 (66... Bd4 $142 67. Qd5 (67. Qxg5 Qxb3 68. Qb5 Qxb5+ 69. Kxb5 Kb3 $18) 67... Qc3 68. Qxg5 Qxb3) 67. Qd5 $2 ({Much less strong is} 67. Qxg5 Bxf2 68. Qe7+ Bc5 $18) (67. Qc8 $18 {is more deadly.} Bd4 68. Qxc3 Bxc3 69. Kxb6) 67... Bd4 (67... Bxf2 $16 {was necessary.} 68. Qxg5 Bd4 69. Qe7+ Kxb3) 68. f3 Qc8+ 69. Kb5 Qc3 70. Qc4 ({But not} 70. Qxg5 $6 Qxb3+ 71. Ka6 Kxa4) 70... Qxb3+ $2 (70... Qd2 71. Bg6 Kb2) 71. Qxb3+ Kxb3 {[%mdl 4096] Endgame KB-KB} 72. Bd5+ Ka3 73. Bb7 Kb3 74. Bd5+ $2 ({White should try} 74. Bc8 $18 Bc3 75. Bd7 (75. Kxb6 Kxa4 76. Kc5 Kb3 $16)) 74... Kc3 $2 {[%mdl 8192]} (74... Ka3 $11 75. Kc4 Bb2) 75. Bb7 $2 (75. Bc6 $18 {Hoping for Bd5.} Kd3 76. Bd7) 75... Kd3 $2 {[%mdl 8192]} (75... Kb3 $1 $11) 76. Bc6 $2 (76. Kc6 $18) 76... Kc3 $2 {[%mdl 8192]} (76... Ke3 $1 $14) 77. Bb7 Kd3 78. Bc6 Kc3 {[%mdl 32768] Precision: White = 34%, Black = 40%. . An unexpected result.} 1/2-1/2

[Event "Paris GCT 2017 Blitz"]
[Site "Paris"]
[Date "2017.06.24"]
[Round "6"]
[White "Topalov, Veselin"]
[Black "Nakamura, Hikaru"]
[Result "1/2-1/2"]
[WhiteElo "2749"]
[BlackElo "2785"]
[Annotator "TA"]
[PlyCount "121"]
[EventDate "2017.??.??"]
[EventType "tourn"]
[EventCountry "FRA"]
[SourceTitle "playchess.com"]
[Source "ChessBase"]
[SourceQuality "1"]

{[%evp 10,121,29,24,22,12,13,6,16,-14,-9,-12,-12,-20,-11,0,25,28,27,24,38,23,60,47,64,44,42,22,29,8,14,18,25,-89,50,37,45,16,25,0,0,0,29,20,79,79,80,0,0,0,60,64,76,23,100,87,87,87,84,68,124,67,64,33,26,-190,-192,-225,-137,-141,0,-43,-55,-49,-46,-163,0,0,41,43,34,0,0,0,0,0,0,0,18,22,22,14,30,40,40,43,44,44,47,47,52,52,52,52,52,52,52,52,52,0,52,52,52,0]} 1. c4 Nf6 2. Nc3 e6 3. e4 d5 4. cxd5 exd5 5. e5 Ne4 6. Nf3 Bf5 {[%cal Bc8f5,Bf5e4,Be4d5][%mdl 32] A18: English Opening: Flohr-Mikenas System (1 c4 Nf6 2 Nc3 e6 3 e4)} 7. Be2 d4 $146 ({Predecessor:} 7... Be7 8. O-O O-O 9. Qb3 Nc6 10. Nxd5 Bc5 11. Ne3 Bg6 12. Qxb7 Nd4 13. Nxd4 Bxd4 14. d3 {1-0 (31) So,W (2822)-Onischuk,A (2667) Saint Louis 2017}) 8. Nxe4 Bxe4 {The position is equal.} 9. d3 Bd5 10. O-O Nc6 11. a3 a5 12. Bf4 $36 {[%mdl 2048] White is pushing.} a4 13. Nd2 Be7 14. Bg3 O-O 15. Rc1 Qd7 16. Bg4 Be6 17. Bxe6 fxe6 18. Qc2 Rfc8 19. Rce1 Na5 20. Re4 c5 21. Nc4 (21. Bh4 $11) 21... Qc6 (21... Nxc4 $17 22. Qxc4 b5) 22. Nd6 $14 Rf8 23. Rg4 b5 24. h3 Nb3 25. Qe2 Kh8 (25... c4 $5) 26. Re1 Rab8 (26... Ra7 $11 {remains equal.}) 27. Bh4 $16 Qd7 ({Don't go for} 27... Bxd6 $2 28. exd6 Qxd6 29. Bg3 $18) 28. Qe4 Nd2 $1 {[%cal Rd2e4]} ({Much weaker is} 28... Bxd6 $6 29. exd6 Rf7 30. Qxe6 $16) 29. Qe2 Nb3 $1 30. Rd1 Na5 31. Qe4 ({White should try} 31. Bxe7 $16 Qxe7 32. Qe4) 31... Nc6 (31... Bxd6 $11 32. exd6 Nb7) 32. Bxe7 Nxe7 33. Rc1 Qa7 34. Rh4 {[%csl Gh4][%cal Re4h7]} Nf5 (34... g6 $14) 35. Nxf5 (35. Rf4 $1 $16) 35... exf5 $14 36. Qc6 Qe7 37. Rf4 $2 (37. g3 $1 $11 {and White has nothing to worry.} c4 38. dxc4) 37... Qxe5 $19 38. g3 Rfc8 39. Qd7 {[#]} Rf8 (39... g6 $1 $17 40. Rh4 h5) 40. h4 g6 41. Qa7 $1 Rfc8 42. Kh2 {[#]} (42. h5 $15) 42... Qd6 $2 (42... h5 $1 $19 43. Qf7 Rc6) 43. h5 $1 $11 Qc6 44. Qe7 Qc7 45. Qe6 Rb6 46. Qd5 Kg7 47. Rxd4 Qe7 48. Qd7 Qxd7 (48... Rc7 {is interesting.} 49. Qxe7+ Rxe7 50. Rxc5 Re2 51. Rc7+ Kh6) 49. Rxd7+ {[%mdl 4096] Endgame KRR-KRR} Kh6 50. hxg6 Kxg6 51. Kg2 c4 52. dxc4 bxc4 53. Rd4 Rbc6 54. Rc3 h5 55. Kh3 Kg5 56. Rf4 Rc5 57. Kg2 R8c7 58. Kf1 Rc8 59. Kg2 R8c7 $1 60. Kh2 Rc8 61. Kg2 {Precision: White = 47%, Black = 50%.} ({White should play} 61. Rd4 $14) 1/2-1/2

[Event "Paris GCT 2017 Blitz"]
[Site "Paris"]
[Date "2017.06.24"]
[Round "6"]
[White "Bacrot, Etienne"]
[Black "So, Wesley"]
[Result "1-0"]
[WhiteElo "2708"]
[BlackElo "2812"]
[Annotator "TA"]
[PlyCount "83"]
[EventDate "2017.??.??"]
[EventType "tourn"]
[EventCountry "FRA"]
[SourceTitle "playchess.com"]
[Source "ChessBase"]
[SourceQuality "1"]

{[%evp 11,83,19,19,29,33,25,22,11,12,0,0,-19,16,16,27,21,49,41,47,2,14,8,34,19,22,40,33,20,107,107,259,259,246,238,348,337,618,612,613,612,29994,175,172,177,173,181,155,170,204,147,185,181,198,203,195,200,224,226,274,256,254,117,117,117,232,11,11,0,424,419,465,452,552,354]} 1. e4 c5 2. Nf3 d6 3. Bb5+ Nd7 4. O-O a6 5. Bd3 Ngf6 6. Re1 {B51: Sicilian: Moscow Variation (3 Bb5+) without 3...Bd7} b5 {[%cal Bb7b5,Bb5b4][%mdl 32] LiveBook: 97 Games} (6... e6 7. c3 b5 8. a4 Bb7 9. Bc2 c4 10. d4 cxd3 11. Qxd3 Nc5 12. Qe2 bxa4 {1-0 (25) Vachier Lagrave,M (2796)-Giri,A (2771) Stavanger 2017}) 7. c4 Ne5 8. Nxe5 {White is slightly better.} dxe5 9. Bf1 b4 10. d3 e6 $146 ({Predecessor:} 10... Bb7 11. Nd2 Qc7 12. a3 e6 {1-0 (37) Ozen,D (2212)-Kesgin,H (2027) Kallithea 2016}) 11. Nd2 {[%cal Bb1d2,Bd2b3,Bb3d4][%mdl 32]} Bd6 12. a3 Nd7 13. Nb3 a5 14. axb4 cxb4 15. d4 exd4 16. Nxd4 Qb6 (16... Qh4 $6 17. Nf3 $16) 17. Be3 {And now Nxe6! would win.} Bc5 18. Nb3 Bxe3 19. Rxe3 a4 {[#]} (19... Qc7 $11 {keeps the balance.}) 20. c5 $1 $36 {[%cal Rc5b6][%mdl 2560] Black is under strong pressure.} Qc6 $2 (20... Qb7 $16 {keeps fighting.}) (20... Nxc5 21. Qd4) 21. Nd4 $1 $18 {[%cal Rd4c6]} Qxc5 22. Rc1 $1 {[%cal Rc1c5]} Qb6 (22... Qg5 $142 23. Nf5 O-O) 23. Nc6 Nb8 $2 (23... O-O 24. Ne7+ Kh8 25. Nxc8 Qd8) 24. Qd6 {[%csl Gc6][%cal Rd6e7]} Nxc6 25. Rxc6 (25. Qxc6+ $2 Qxc6 26. Rxc6 O-O $17) 25... Qd8 {[#] aiming for ...Qxd6.} 26. Qxb4 $2 (26. Rxc8 $1 {[%mdl 512] mates} Qxc8 (26... Rxc8 27. Bb5+) 27. Bb5+ Qd7 28. Bxd7+ Kd8 29. Bxe6+ Ke8 30. Qd7+ Kf8 31. Qxf7#) 26... Qe7 27. Qxe7+ Kxe7 28. Rc7+ Kd6 29. Rxf7 Rb8 30. Ra3 Rb4 31. Rxg7 Rxe4 32. Ra7 Rb4 33. Ra2 Bd7 34. b3 $1 axb3 35. Rd2+ Ke5 {[#]} 36. Raxd7 (36. f4+ $1 $18 {[%mdl 512]} Kf5 (36... Rxf4 37. Raxd7) 37. Rdxd7 (37. Raxd7 b2 $16)) 36... b2 $16 37. Bd3 {Hoping for Rd1.} Rc8 (37... b1=R+ $16 38. Bxb1 Rxb1+ 39. Rd1 Rxd1+ 40. Rxd1 Kf5) 38. Rd1 $2 ({And not} 38. Bxh7 Rc1+ 39. Rd1 Re4 $15) ({Much less strong is} 38. Re2+ $6 Kf6 $16) (38. f3 $18) 38... Rc1 $11 39. Bb1 Rbc4 $2 {[%mdl 8192]} (39... Ra4 $1 $11 {and Black has nothing to worry.} 40. f4+ (40. Bxh7 $2 Raa1 $19) 40... Kf6) 40. Kf1 $1 $18 Ra4 {White must now prevent ...Ra1.} 41. Re1+ Kf6 {Threatens to win with ...Ra1.} 42. Rdd1 {Precision: White = 56%, Black = 38%.} 1-0